000
00277nam a2200109Ia 4500
008
231129s9999||||xx |||||||||||||| ||spa||
082
_a
690.22 G643p
100
_a
Gonzalez Gerardo
245
0
_a
Prevencion de accidentes en la construccion
264
_a
Ceac
942
_2
ddc
_c
BKS
999
_c
23168
_d
23168